000 00891nam a2200241 a 4500
001 83699
003 BD-RjUL
005 20240509105527.0
008 240509s2006 bg a|||| m||| 00| 0 eng d
035 _a(BD-RjUL)83699
040 _aBD-RjUL
_beng
_cBD-RjUL
_dBD-RjUL
041 _aeng
082 _223
_a584.9
_bSHA 2006
100 _aSHAHNEWAZ, SHARMIN
_912926
245 1 0 _aANTHER CULTURE AND SOMATIC EMBRYOGENESIS IN RICE (ORYZA SATIVA L.) /
_cSHARMIN SHAHNEWAZ
_6Supervision : A. K. M. Rafiul Islam
260 _aRajshahi :
_bInstitute of Biological Sciences,University of Rajshahi
_c2006
300 _a[15], 206 leaves :
_bill.;
_c29 cm.
502 _aThesis (Ph.D.) -- Institute of Biological Sciences,University of Rajshahi,2006
504 _aReferences : Leaves 189-206
650 _aRice tribe
_912912
700 _aIslam, A. K. M. Rafiul, Supervision
_912927
942 _2ddc
_cTHE
999 _c83699
_d83699